Preescritura: cuaderno 2

Saved in:
Bibliografiske detaljer
Hovedforfatter: Cabello, Ramiro (Author)
Format: Bog
Sprog:spansk
Udgivet: Santiago SM 2000
Fag:
Tags: Tilføj Tag
Ingen Tags, Vær først til at tagge denne postø!

MARC

LEADER 00000nam a2200000 a 4500
001 UCL8057
003 CL-VaPUC
008 040611e20000000CL |||||||||||||||||spa|d
020 |a 9562641333 
082 0 4 |a 372.634  |b CAB  |2 21 
100 0 |a Cabello, Ramiro  |e author  |9 486005 
245 1 0 |a Preescritura: cuaderno 2 
300 |a 64 p 
942 |c BK 
945 |d 20040611 00:00:00  |a cmena 
260 |a Santiago  |b SM  |c 2000 
650 0 |a Apresto lectoescritura  |9 309297 
650 0 |a Educación lingüística  |9 306506 
650 0 |a Educación básica   |9 224933 
583 |a last modification  |c 20040611 00:00:00  |k Rodrigo Vera 
999 |c 309542  |d 309540 
952 |0 0  |1 0  |4 0  |6 372_634000000000000_CAB_2000  |7 0  |8 A  |9 377059  |a BIBEDU  |b BIBEDU  |d 2019-11-21  |i 3979199  |o 372.634 CAB 2000  |p 3979199  |r 2019-11-21  |w 2019-11-21  |y BK  |k EPE